000 00642nam a2200241Ia 4500
003 OSt
005 20221005085333.0
006 a|||||r|||| 00| 0
007 ta
008 221004b |||||||| |||| 00| 0 eng d
024 _a76241
037 _cTextual
040 _aCRL
_cCRL
_beng
041 _2eng
_aeng
082 _aR3xM63x, J6
100 _aSantayana George
245 0 _aCharacter and opinion in the United States
260 _aNew York
_bDoubleday Anchor Books USA
_c1956
300 _a144p.
_ccm.
650 _aPHILOSOPHY
942 _hR3xM63x, J6
_cTEXL
_2cc
999 _c994049
_d994049